Robert Duvall Oscar Nominated Roles - Statistics

General Stats
  • This quiz has been taken 27 times
  • The average score is 3 of 7
Answer Stats
Release Year Movie % Correct
1972 The Godfather
88%
1979 Apocalypse Now
79%
1983 Tender Mercies
46%
2014 The Judge
46%
1997 The Apostle
38%
1998 A Civil Action
13%
1979 The Gran Santini
0%
No matching quizzes found
Score Distribution
Percent of People with Each Score
Percentile by Number Answered
Your Score History
You have not taken this quiz